00829cam a22002411 4500001001300000003000400013005001700017008004100034010001700075035001900092040002400111042001200135050002300147082001100170110002800181245019700209260002000406300002500426650004200451650004300493700003400536999001700570gs 49000140 DLC20260227111355.0761116s1949 txu 000 0 eng  ags 49000140  a(OCoLC)2560626 aDLCcTxdOCoLCdDLC apremarc00aGB1025.T4bA5 1949 a551.492 aTexas Water Commission.10aGround-water resources of Matagorda County, Texas,cby R. W. Sundstrom, G. H. Cromack, and N. N. West. Prepared in cooperation with the United States Dept. of the Interior, Geological Survey. a[Austin]c1949. a39 p.bmaps.c27 cm. 0aGroundwaterzTexaszMatagorda County. 0aWater-supplyzTexaszMatagorda County.1 aSundstrom, Raymond W.,d1904- c28374d28374